• 首页
  • 本馆介绍
  • 公告通知
  • 最新文献
  • 馆藏检索
  • 电子资源
  • 读者荐购
  • 参考咨询
  • CALIS
  • 我的图书馆
  • 登录
  • 详细信息显示
  • 放入我的书架
  • 预约/预借图书
  • 作者相关作品
  • 分类相关作品
  • 丛书相关作品
  • 出版社相关作品

书目信息

  • 表格格式
  • 工作单格式
  • 卡片格式
题名:
贯入法检测砌筑砂浆抗压强度技术规程
    
 
作者: 中华人民共和国建设部 主编
分册:  
出版信息: 北京   中国建筑工业出版社  2017.09
页数: 45页
开本: 20cm
丛书名:
单 册:
中图分类: TU712.3-65
科图分类:
主题词: 建筑工程--施工管理
电子资源:
ISBN:
 
 
 
 
 
000 00755nam0 2200205 45
001 1959529872
005 20190315163249.26
010    @dRMB 12.00
100    @a20020606d2017 km y0chiy0120 ea
101 0  @achi
102    @aCN@b110000
200 1  @a贯入法检测砌筑砂浆抗压强度技术规程@Aguan ru fa jian ce qi zhu sha jiang kang ya qiang du ji shu gui cheng@eJGJ/T 136-2017@f中华人民共和国建设部主编@FZhong Hua Ren Min Gong He Guo Jian She Bu Zhu Bian
210    @a北京@c中国建筑工业出版社@d2017.09
215    @a45页@d20cm
517    @aJGJ/T 136-2017
606 0  @a建筑工程@x施工管理
690    @aTU712.3-65@v3
701  0 @a中华人民共和国建设部@AZhong Hua Ren Min Gong He Guo Jian She Bu@4主编
801  0 @aCN@bPFT@c20190315
905    @a10447@dTU712.3-65@eJ3101
    
    贯入法检测砌筑砂浆抗压强度技术规程:JGJ/T 136-2017/中华人民共和国建设部主编.-北京:中国建筑工业出版社,2017.09
    45页;20cm
    
    
    ISBN :RMB 12.00
    
●
相关链接 在E读中查询图书 在当当中查询图书 在豆瓣中查询图书


正题名:贯入法检测砌筑砂浆抗压强度技术规程     索取号:TU712.3-65/J3101         预约/预借

序号 登录号 条形码 馆藏地/架位号 状态 备注
1 1305448   213054488   自科二线404/201建筑库 25排1列2层/ [索取号:TU712.3-65/J3101] 在馆    
河南城建学院图书馆 欢迎您!
大连网信软件有限公司© 版权所有